| 000 | 00373nam a22001457a 4500 | ||
|---|---|---|---|
| 005 | 20170822175143.0 | ||
| 008 | 160430b xxu||||| |||| 00| 0 eng d | ||
| 020 | _a0-679-01714-3 | ||
| 040 | _dBSU | ||
| 082 |
_221 _a910.97 FOD |
||
| 245 | _aFodor's 89 Washington D.C | ||
| 260 |
_aNew York _bFodor's Travel Publication,Inc _c1989 |
||
| 300 | _avii,193p. | ||
| 942 |
_2ddc _cBK |
||
| 999 |
_c10592 _d10592 |
||